FIFA 22 Top 50 Players - Statistics

General Stats
  • This quiz has been taken 247 times
  • The average score is 44 of 50
Answer Stats
Club Position Overall Player % Correct
Tottenham Hotspur ST 90 Harry Kane
100%
Paris Saint-Germain ST 91 Kylian Mbappé
99%
Paris Saint-Germain RW 93 Lionel Messi
99%
Paris Saint-Germain LW 91 Neymar Jr.
99%
Manchester United ST 91 Cristiano Ronaldo
98%
Manchester City CM 91 Kevin De Bruyne
98%
Liverpool RW 89 Mohamed Salah
98%
FC Bayern München ST 92 Robert Lewandowski
98%
FC Bayern München GK 90 Manuel Neuer
97%
Liverpool GK 89 Alisson
96%
Liverpool CB 89 Virgil van Dijk
96%
Tottenham Hotspur LM 89 Heung-Min Son
95%
FC Barcelona GK 90 Marc-André ter Stegen
95%
Liverpool LW 89 Sadio Mané
95%
Manchester City GK 89 Ederson
94%
Borussia Dortmund ST 88 Erling Haaland
94%
Paris Saint-Germain GK 89 Gianluigi Donnarumma
94%
Atlético Madrid GK 91 Jan Oblak
94%
Real Madrid GK 89 Thibaut Courtois
94%
FC Bayern München CDM 89 Joshua Kimmich
93%
Chelsea CDM 90 N'Golo Kanté
93%
Real Madrid CM 88 Toni Kroos
93%
Real Madrid CM 87 Luka Modrić
92%
Real Madrid CDM 89 Casemiro
91%
Real Madrid CF 89 Karim Benzema
91%
Liverpool RB 87 Trent Alexander-Arnold
91%
Paris Saint-Germain GK 88 Keylor Navas
90%
Manchester United CAM 88 Bruno Fernandes
89%
Manchester City LW 88 Raheem Sterling
89%
Liverpool LB 87 Andrew Robertson
88%
Tottenham Hotspur GK 87 Hugo Lloris
87%
Manchester City CB 87 Rúben Dias
87%
FC Bayern München CAM 87 Thomas Müller
86%
Chelsea ST 88 Romelu Lukaku
85%
Lazio ST 87 Ciro Immobile
82%
FC Barcelona CM 87 Frenkie de Jong
82%
Paris Saint-Germain CB 87 Marquinhos
82%
Paris Saint-Germain CB 88 Sergio Ramos
82%
Atlético Madrid ST 88 Luis Suárez
81%
Juventus CF 87 Paulo Dybala
81%
FC Bayern München CM 87 Leon Goretzka
80%
Paris Saint-Germain CM 87 Marco Verratti
80%
Manchester City CDM 86 Rodri
79%
Manchester United CM 87 Paul Pogba
77%
Paris Saint-Germain RW 87 Ángel Di María
75%
Manchester United RM 87 Jadon Sancho
75%
Juventus GK 87 Wojciech Szczęsny
63%
Inter CB 86 Milan Škriniar
60%
FC Barcelona ST 87 Sergio Agüero
55%
Atlético Madrid CM 86 Marcos Llorente
50%
No matching quizzes found
Score Distribution
Percent of People with Each Score
Percentile by Number Answered
Your Score History
You have not taken this quiz